000 01766nam a2200253Ia 4500
999 _c51755
_d51755
001 18747
003 GE_BSU
005 20220919164543.0
008 181216s2013||||ge |||||||||||||| ||geo||
040 _cGE_BSU
041 _ageo
080 _a61 კ-40
100 _aკენჭაძე, რუსუდან
_911508
245 _aპირის ღრუს წვის სინდრომის მართვა სხვადასხვა ეტიოლოგიურ ფაქტორთა გათვალისწინებით : დისერტაცია /
_cრუსუდან კენჭაძე; სამეცნ. ხელმძღვ.: მანანა ივერიელი, ნათელა (ნანა) გელაძე; თბილისის სახელმწიფო სამედიცინო უნივერსიტეტი.
264 _aთბილისი,
_c2013.
300 _a200 გვ.
_b30 სმ.
653 _aდისერტაცია
653 _aმედიცინა
653 _aპირის ღრუს წვის სინდრომის მართვა სხვადასხვა ეტიოლოგიურ ფაქტორთა გათვალისწინებით.
700 _aივერიელი, მანანა
_eსამეცნიერო ხელმძღვანელი
_911509
700 _aგელაძე, ნათელა (ნანა)
_eსამეცნიერო ხელმძღვანელი
_911510
710 _aთბილისის სახელმწიფო სამედიცინო უნივერსიტეტი
_911511
942 _cBK
_2udc